Normal view
MARC view
Entry Topical Term
001 - CONTROL NUMBER
- control field: 331446
003 - CONTROL NUMBER IDENTIFIER
- control field: OSt
005 - DATE AND TIME OF LATEST TRANSACTION
- control field: 20220926024813.0
008 - FIXED-LENGTH DATA ELEMENTS
- fixed length control field: 220926|| aca||aabn | a|a d
040 ## - CATALOGING SOURCE
- Original cataloging agency: OSt
- Transcribing agency: OSt
150 ## - HEADING--TOPICAL TERM
- Topical term or geographic name entry element: Geology irt statistics
670 ## - SOURCE DATA FOUND
- Source citation: Work cat.: (OSt)645473: Rivoirard Jacques 331445, Introduction to disjunctive kriging and non-linear geo-statistics, 1994
